|
|
|
|
| LEADER |
01452nam a2200373 a 4500 |
| 001 |
34530 |
| 003 |
BD-DhAAL |
| 005 |
20190409111326.0 |
| 008 |
190409r20021991inu 001 0 eng d |
| 999 |
|
|
|c 40669
|d 40669
|
| 010 |
|
|
|a 2002069967
|
| 020 |
|
|
|a 9781587318603
|
| 020 |
|
|
|a 1587318601 (alk. paper)
|
| 040 |
|
|
|a DLC
|c DLC
|d DLC
|d BD-DhAAL
|
| 050 |
0 |
0 |
|a PR3065
|b .G57 2004
|
| 082 |
0 |
0 |
|a 822.33
|2 21
|
| 100 |
1 |
|
|a Girard, René,
|d 1923-2015.
|9 31139
|
| 245 |
1 |
2 |
|a A theater of envy :
|b William Shakespeare /
|c René Girard.
|
| 260 |
|
|
|a South Bend, Ind. :
|b St. Augustine's Press,
|c c1991 [reprinted 2002]
|
| 300 |
|
|
|a ix, 366 pages ;
|c 23 cm
|
| 440 |
|
0 |
|a Carthage reprint
|9 31140
|
| 500 |
|
|
|a Originally published: New York : Oxford University Press, 1991.
|
| 500 |
|
|
|a Includes index.
|
| 526 |
|
|
|a ENH
|
| 541 |
|
|
|a Karim International
|e 34530
|
| 600 |
1 |
0 |
|a Shakespeare, William,
|d 1564-1616
|x Knowledge
|x Psychology.
|9 31141
|
| 650 |
|
0 |
|a Psychoanalysis and literature
|z England.
|9 31142
|
| 650 |
|
0 |
|a Drama
|x Psychological aspects.
|9 31143
|
| 650 |
|
0 |
|a Mimesis in literature.
|9 31144
|
| 650 |
|
0 |
|a Desire in literature.
|9 31145
|
| 650 |
|
0 |
|a Envy in literature.
|9 31146
|
| 852 |
|
|
|a Ayesha Abed Library
|c General Stacks
|
| 942 |
|
|
|2 ddc
|c BK
|
| 952 |
|
|
|0 0
|1 0
|2 ddc
|4 0
|6 822_330000000000000_GIR
|7 0
|9 65299
|a BRACUL
|b BRACUL
|c GEN
|d 2019-03-18
|e Karim International
|g 3240.00
|l 3
|m 3
|o 822.33 GIR
|p 3010034530
|r 2024-09-18
|s 2024-09-08
|t 1
|v 3240.00
|w 2019-03-18
|y BK
|